00923nam a2200277 i 450000500170000000800410001702000380005804000250009608200170012109000210013810000320015924501050019126400680029626400110036430000380037533600210041333700250043433800230045965000320048265000190051465000310053370000280056470000230059294200110061599900190062620260426172709.0260426t20252025my o dr 000 f may d a9789672865599cRM12.00qpaperback aPPAKbengcPPAKerda04a899.233322300a899.2333bHAIdG0 aHaida Kamaruzaman,eauthor.10aARMADA BERDARAH :bDEMI NEGARA YANG KUCINTA... /cHAIDA KAMARUZAMAN, MURNI SAFINAZ ; Editor M.K Riza 1aBandar Baru Nilai, Negeri Sembilan :bBLINK BOOK SDN BHD,c2025 4c©2025 a120 pages :bphotographs ;c19 cm atext2rdacontent aunmediated2rdamedia avolume2rdacarrier10aYoung adult fiction, Malay.20aMalay fiction.24aMalaysian fiction (Malay).0 aMurni Safinaz,eauthor.0 aM.K Riza,eeditor. 2ddccB c204029d204029